Top 100 Hot16Challenge2 - Statystyki

Ogólne statystyki
  • Ten quiz został rozwiązany 244 razy
  • Średni wynik to 23 z 100
Statystyki odpowiedzi
Hint Odpowiedź % Poprawnych
5 Friz
78%
6 Mata
73%
1 Szpaku
73%
7 Wersow
73%
11 Bedoes
67%
12 Murcix
66%
48 Tromba
66%
42 Mini majk
64%
4 Young igi
64%
8 Marcysia
63%
23 Białas
59%
3 Andrzej Duda
57%
18 White 2115
54%
32 Solar
53%
2 Taconafide
52%
14 Taco Hemingway
47%
35 Żabson
47%
13 Tata Maty
45%
41 Blowek
42%
34 Young Multi
42%
19 Paluch
39%
30 Natsu
38%
40 Poczciwy Krzychu
38%
69 Kizo
36%
16 Marcin Dubiel
35%
54 Borixon
33%
38 Guzior
33%
20 Kali
33%
10 Dawid Podsiadło
32%
64 Qry
32%
21 Kuban
31%
45 Słoń
29%
49 Tede
27%
76 Fagata
26%
29 Peja
24%
82 Popek
24%
15 Cleo
23%
33 Margaret
21%
17 Roksana Węgiel
21%
47 Kękę
20%
43 Pezet
20%
31 Hejka tu lenka
19%
98 Boxdel
18%
27 Klocuch
18%
56 Palion
18%
74 Sokół
18%
96 Filipek
17%
91 Sarius
17%
52 Jongmen
16%
60 Kacper Blonsky
16%
51 Kartky
16%
79 Grubson
15%
24 Natalia Szroeder
15%
67 Kamerzysta
14%
86 Viki Gabor
14%
72 Lil Masti
12%
58 Mr Polska
12%
55 DŻO DŻO
11%
93 Kruszwil
11%
26 Paris Platynov
11%
80 Patecwariatec
11%
39 Sylwia Przybysz
11%
28 WIP BROS
11%
97 Zeus
11%
61 Ewa Farna
10%
85 Fokus
10%
25 Lotek
10%
81 Norbi
10%
77 Budda
9%
36 Kanalersi
9%
46 Major SPZ
9%
90 Sławomir Mentzen
8%
99 Daria Zawiałow
7%
9 JKM
7%
70 Rafał Pacześ
7%
68 Ronnie Ferrari
7%
87 Young Dejvid
7%
73 Jaszczur
6%
53 Kayah
6%
57 Ks Jakub Bartczak
6%
100 Zbigniew Stonoga
6%
59 Beata Kozidrak
5%
75 Cezik
5%
50 Krystyna Czubówna
5%
63 Małgorzata Kożuchowska
5%
62 Paweł Domagała
5%
22 Piorun
5%
94 Piotr Rubik
5%
78 Sebastian Fabijański
5%
65 Artur Andrus
4%
37 GolecUorkiestra
4%
44 Karzeł
4%
88 Krzysztof Zalewski
4%
71 Spejson
4%
92 Brodka
3%
66 Kabaret Skeczów Męczących
3%
95 Szymon Zaparty
3%
84 Tomasz Knapik
3%
89 Kabaret Czesuaf
2%
83 Mann
2%
Nie znaleziono quizów pasujących do podanych kryteriów
Rozkład punktacji
Procent ludzi z każdym wynikiem
Percentyl według liczby udzielonych odpowiedzi
Twoja historia wyników
Nie rozwiązałeś tego quizu